| 000 | 00897nam a2200301 i 4500 | ||
|---|---|---|---|
| 003 | DO-SdBNP | ||
| 005 | 20240812151823.0 | ||
| 007 | ta | ||
| 008 | 890817s1990 sp ac 001 f spa | ||
| 020 | _a8432075434 | ||
| 040 |
_aDO-SdBNP _bspa _cBNPHU _erda |
||
| 082 | 4 |
_bM357d _222 |
|
| 100 | 1 |
_aMárquez Reviriego, Víctor _921449 _eautor |
|
| 245 | 1 | 3 |
_aEl desembargo andaluz / _cVíctor Márquez Reviriego. |
| 264 |
_aBarcelona, España : _bPlaneta, _c1990. |
||
| 300 |
_a270 páginas : _bilustraciones y retratos ; _c24 cm. |
||
| 336 |
_2rdacontent _atexto _btxt |
||
| 337 |
_2rdamedia _asin mediación _bn |
||
| 338 |
_2rdacarrier _avolumen _bnc |
||
| 490 | _aLa historia viva | ||
| 500 | _aIncluye notas al pie de las páginas | ||
| 586 | _aEspejo de España 1990 | ||
| 590 | _aInventariado, 2024/BT | ||
| 650 | _91123 | ||
| 700 | _921450 | ||
| 910 | _aBtavárez | ||
| 942 |
_2ddc _cLBS1 |
||
| 999 |
_c57410 _d57410 |
||